Music in the French secular theater, 1400-1550.

Bibliographic Details
Main Author: Brown, Howard Mayer
Format: Book
Language:English
Published: Cambridge : Harvard University Press, 1963.
Subjects:

MARC

Tag First Indicator Second Indicator Subfields
LEADER 00000cam a2200000 4500
001 in00000028323
005 20151007061407.0
008 720324s1963 mauag b 00000 engm
010 |a  62019214  
035 |a (OCoLC)00270337 
035 |9 AAD1965AM 
040 |a DLC  |c CSU  |d OCL  |d TXA  |d UtOrBLW 
049 |a TXAM  |c [369367] 
050 0 |a ML270.2.B8  |b M9 
092 |a 780.944  |b B878m 
100 1 |a Brown, Howard Mayer. 
245 1 0 |a Music in the French secular theater, 1400-1550. 
264 1 |a Cambridge :  |b Harvard University Press,  |c 1963. 
300 |a x, 338 pages :  |b illustrations, music. ;  |c 24 cm. 
336 |a text  |b txt  |2 rdacontent 
337 |a unmediated  |b n  |2 rdamedia 
338 |a volume  |b nc  |2 rdacarrier 
500 |a "A catalogue of theatrical chansons": pages [181]-282. 
504 |a Bibliography: pages [283]-309. 
536 |a From the Howard Mayer Brown, Edward Downes and Mary Schieffelin Book Collections, October 2004. 
650 0 |a Music  |z France  |x History and criticism. 
650 0 |a Music  |y 500-1400. 
650 0 |a Music  |y 16th century. 
650 0 |a Incidental music  |x History and criticism. 
650 0 |a Theater  |z France  |x History. 
999 |a MARS 
999 f f |s 5c86a428-02f0-3d5c-a7b7-2d902704524d  |i b3416c6c-961b-3402-852c-197469c473ef  |t 0 
952 f f |p storage  |a Texas A&M University  |b J.J. Pickle Campus  |c High Density Repository  |d Remote Storage  |t 0  |e ML270.2.B8 M9  |h Library of Congress classification  |i unmediated -- volume  |m A14831659821 
952 f f |p ric  |a Texas A&M University  |b Rellis Campus  |c Joint Library Facility  |d Remote Storage  |t 0  |e ML270.2.B8 M9  |h Library of Congress classification  |i unmediated -- volume  |m A14801168866 
998 f f |a ML270.2.B8 M9  |t 0  |l Remote Storage 
998 f f |a ML270.2.B8 M9  |t 0  |l Remote Storage